[Event "Ankara Baskent Univ op-B 3rd"]
[Site "Ankara"]
[Date "2018.08.28"]
[Round "2"]
[White "Sahin, Arda"]
[Black "Baycu, Baran"]
[Result "1-0"]
[WhiteElo "1563"]
[BlackElo "1498"]
[PlyCount "65"]
[EventDate "2018.08.27"]
[EventType "swiss"]
[EventRounds "9"]
[EventCountry "TUR"]
[SourceTitle "EXT 2021"]
[Source "ChessBase"]
[SourceDate "2020.10.23"]
[SourceVersion "1"]
[SourceVersionDate "2020.10.23"]
[SourceQuality "1"]

1. e4 e6 2. d4 d5 3. exd5 exd5 4. Nf3 Bd6 5. c4 Be6 6. cxd5 Bxd5 7. Nc3 Nf6 8. Nxd5 Nxd5 9. Bc4 0-0 10. 0-0 Nb6 11. Bd3 Nc6 12. Re1 Re8 13. Bg5 Be7 14. Bf4 Nd5 15. Bg3 Bd6 16. Rxe8+ Qxe8 17. Bxd6 cxd6 18. Qb3 Nb6 19. Re1 Qd7 20. Bb5 Re8 21. Rxe8+ Qxe8 22. d5 Qe4 23. dxc6 bxc6 24. Bd3 Qf4 25. g3 Qf6 26. a4 g6 27. Kg2 Nd7 28. Qc3 d5 29. Qxf6 Nxf6 30. b4 Nd7 31. Nd4 Nb8 32. a5 Kg7 33. Bc2 1-0